| 000 | 00353nam a2200121 a 4500 | ||
|---|---|---|---|
| 005 | 20140414131915.0 | ||
| 008 | 100902s19uu xx 00 eng d | ||
| 050 |
_aFIC _bP64 2002 |
||
| 100 | _aPilkey, Dav | ||
| 245 | _aRicky Ricotta's mighty robot vs. the mutant mosquitoes from mercury. | ||
| 260 |
_aNew York : _bScholastic , _c2000. |
||
| 999 |
_c111414 _d111414 |
||